Законодательство капиталистических государств об экспортно-импортных операциях с социалистическими странами: [сборник статей]

Bibliografiske detaljer
Institution som forfatter: Академия наук СССР (АН СССР) Институт государства и права (ИГП)
Andre forfattere: Богуславский М. М. Марк Моисеевич (редактор)
Summary:Исключено из фонда НТБ ТПУ
Sprog:russisk
Udgivet: Москва, Изд-во ИГПАН, 1989
Format: MixedMaterials Bog
KOHA link:https://koha.lib.tpu.ru/cgi-bin/koha/opac-detail.pl?biblionumber=250782

MARC

LEADER 00000nam0a2200000 4500
001 250782
005 20231031213304.0
020 |a RU  |b 89-11307 
035 |a (RuTPU)RU\TPU\book\273007 
090 |a 250782 
100 |a 20140217d1989 km y0rusy5003 ca 
101 0 |a rus 
102 |a RU 
105 |a y z 000zy 
200 1 |a Законодательство капиталистических государств об экспортно-импортных операциях с социалистическими странами  |e [сборник статей]  |f Академия наук СССР (АН СССР), Институт государства и права (ИГП) ; под ред. М. М. Богуславского 
210 |a Москва  |c Изд-во ИГПАН  |d 1989 
215 |a 125,[2] с. 
333 |a Исключено из фонда НТБ ТПУ 
702 1 |a Богуславский  |b М. М.  |g Марк Моисеевич  |4 340 
712 0 2 |a Академия наук СССР (АН СССР)  |b Институт государства и права (ИГП)  |c (Москва) 
801 0 |a RU  |b RuMRKP  |c 19960705  |g psbo 
801 1 |a RU  |b 63413507  |c 20140217 
801 2 |a RU  |b 63413507  |c 20220311  |g RCR 
942 |c BK